00825nam a2200217 a 450000100100000000500170001000800410002702000150006804000180008304100080010124501260010926000720023530000400030750000210034750000320036850400730040070000260047370000250049970000280052471000550055200003733520200930080310.0120328s1994 sp a 001 0 spa d a8400073762 aDO-SdBNPbspa17aeng00aTrace element analytical chemistry in medicine and biology /ceditors: Peter Bräter, Bartolomé Ribas, Peter Schramel. aMadrid :bConsejo Superior de Investigaciones Científicas,c1994. av. (XIII, 500 p. ) :bil. ;c25 cm. aIncluye índice aLa biblioteca posee el v. 6 aIncluye referencias bibliográficas y notas al pie de las páginas1 aBrätter, Petereed.1 aSchramel, Petereed.1 aRibas, Bartoloméeed.2 aConsejo Superior de Investigaciones Científicas,